000 00746nam a2200253Ia 4500
003 OSt
005 20220926033942.0
006 a|||||r|||| 00| 0
007 ta
008 220923b |||||||| |||| 00| 0 eng d
020 _a0815704151
037 _cGeneral Book
040 _aRTL
_cRTL
_beng
041 _2eng
_aeng
082 _aX7:74.73.N6, K8
100 _aAndo Albert Ed.
_9339844
245 0 _aStudies in economic stabilization
260 _aWashibgton
_bBrookings Institution
_c1968
300 _axvi, 299p. Bib p. 288-94,Appendix chapterwise
_ccm.
490 _aStudies of government finance
650 _aFinance
942 _hX7:74.73.N6, K8
_cGB
_2CC
999 _c658441
_d658441